Sports Quiz

Random Sports or Soccer Quiz

Football League XIs: Crystal Palace Quiz Stats

Quiz not verified by Sporcle

Challenge
Share
Tweet
Embed
Score 0/231 Timer 20:00
0 Plays Today
% Correct
Wilfried Zaha
94.8%
Wilfried Zaha
94.6%
Wilfried Zaha
93.6%
Julian Speroni
92.5%
Wilfried Zaha
92.4%
Julian Speroni
92.4%
Julian Speroni
92.3%
Christian Benteke
91.9%
Julian Speroni
91.8%
Julian Speroni
91.8%
Julian Speroni
91.6%
Julian Speroni
91.6%
Julian Speroni
91.6%
Wilfried Zaha
91.2%
Wilfried Zaha
91.2%
Scott Dann
89.9%
Wayne Hennessey
89.6%
Wayne Hennessey
88.5%
Scott Dann
88.2%
Andrew Johnson
87.5%
Andrew Johnson
87.5%
Andrew Johnson
87.5%
Andrew Johnson
87.5%
Yohan Cabaye
87.2%
Yohan Cabaye
86.8%
Joel Ward
85.9%
Joel Ward
84.6%
Joel Ward
84.3%
Joel Ward
83.9%
Mile Jedinak
83%
Mile Jedinak
82.8%
Yala Bolasie
82.4%
Mile Jedinak
82%
Joel Ward
81.9%
Yala Bolasie
81.7%
Damien Delaney
81.4%
Mile Jedinak
81%
Jason Puncheon
80.9%
Yala Bolasie
80.6%
Damien Delaney
80.4%
Jason Puncheon
79.3%
Damien Delaney
79.2%
Jason Puncheon
79.1%
Yala Bolasie
78.8%
Damien Delaney
77.8%
Jason Puncheon
77.6%
Damien Delaney
76.9%
Mile Jedinak
76.2%
Andros Townsend
73.5%
Darren Ward
73.4%
Martin Kelly
73.1%
James McArthur
73.1%
James McArthur
71.9%
Glenn Murray
70.8%
James Tomkins
70.4%
Martin Kelly
70.3%
Glenn Murray
69.8%
James McArthur
69.7%
Pape Souare
66.7%
Gabor Kiraly
66.3%
Gabor Kiraly
66.3%
Gabor Kiraly
66.3%
Joe Ledley
64.9%
Dougie Freedman
64.7%
Dougie Freedman
64.7%
Clinton Morrison
64.1%
Clinton Morrison
64.1%
Clinton Morrison
64.1%
Clinton Morrison
64.1%
Clinton Morrison
64.1%
Dougie Freedman
64.1%
Clinton Morrison
63.6%
Clinton Morrison
63.6%
Jamie Smith
62.3%
Jamie Smith
62.3%
Jamie Smith
61.3%
Jamie Smith
61.3%
% Correct
Marouane Chamakh
60.6%
Patrick McCarthy
59.2%
Patrick McCarthy
59.2%
Patrick McCarthy
59%
Patrick McCarthy
59%
Nathaniel Clyne
57.1%
Nathaniel Clyne
57.1%
Neil Shipperley
56.9%
Michael Hughes
56.9%
Michael Hughes
56.9%
Michael Hughes
56.9%
Neil Shipperley
56.5%
Neil Shipperley
56.5%
Nathaniel Clyne
56.2%
Nathaniel Clyne
56.1%
Ben Watson
53.4%
Ben Watson
53.4%
Attilio Lombardo
53.1%
Attilio Lombardo
53.1%
Wayne Routledge
52.4%
Wayne Routledge
52.4%
Darren Ambrose
51.7%
David Wright
51.4%
Darren Ambrose
50.6%
Darren Ambrose
50%
Jonathan Parr
48.9%
Jonathan Parr
48.8%
Danny Butterfield
48.5%
Danny Butterfield
48.5%
Danny Butterfield
48.5%
Danny Butterfield
48.5%
Danny Butterfield
48.5%
Clint Hill
47.1%
Clint Hill
47.1%
Clint Hill
47.1%
Fitz Hall
47%
Fitz Hall
47%
Julian Gray
47%
Julian Gray
47%
Julian Gray
47%
Shaun Derry
46.9%
Shaun Derry
46.9%
Shaun Derry
46.9%
Shaun Derry
46.9%
Shaun Derry
46.9%
Alan Lee
46.6%
Danny Gabbidon
46.1%
Tony Popovic
45.9%
Tony Popovic
45.9%
Tony Popovic
45.9%
Tony Popovic
45.9%
Aki Riihilahti
45.2%
Aki Riihilahti
45.2%
Aki Riihilahti
45.2%
Kagisho Dikgacoi
44.3%
Cameron Jerome
44.2%
Kagisho Dikgacoi
43.6%
Kevin Miller
43.3%
Kevin Miller
43.3%
Kagisho Dikgacoi
43%
Tom Soares
42.3%
Tom Soares
42.3%
Tom Soares
42.3%
Tom Soares
42.3%
Danny Granville
41.6%
Danny Granville
41.6%
Danny Granville
41.6%
Adrian Mariappa
41%
Sean Scannell
40.5%
Bruce Dyer
40.5%
Bruce Dyer
40.5%
David Hopkin
39.7%
Tommy Black
39.4%
Owen Garvan
38.9%
Emerson Boyce
38.9%
Emerson Boyce
38.9%
Owen Garvan
38.5%
% Correct
Andy Roberts
37.7%
Andy Roberts
37.7%
Joonas Kolkka
37.6%
Matt Clarke
37%
Peter Ramage
36.3%
Mark Hudson
35.1%
Mark Hudson
35.1%
Shefki Kuqi
35%
Alexanders Kolinko
35%
Alexanders Kolinko
35%
Hayden Mullins
35%
Hayden Mullins
35%
Dean Gordon
34.5%
Dean Gordon
34.5%
Hayden Mullins
34.4%
Hayden Mullins
34.4%
Hayden Mullins
34.4%
Neil Danns
34.4%
Simon Rodger
34.1%
Simon Rodger
34.1%
Simon Rodger
33.4%
Simon Rodger
33.4%
Neil Danns
33.2%
Matt Lawrence
32.7%
Matt Lawrence
32.7%
Matt Lawrence
32.7%
Jose Fonte
32.7%
Jose Fonte
32.7%
Anthony Gardner
32.1%
Anthony Gardner
32.1%
Gary Borrowdale
31.8%
James Scowcroft
30.5%
James Scowcroft
30.5%
Fan Zhiyi
30.3%
Fan Zhiyi
30.3%
Fan Zhiyi
30%
Darren Powell
29.8%
Dean Austin
29.6%
Dean Austin
29.4%
Dean Austin
29.4%
Marc Edworthy
29.4%
Jobi McAnuff
29.1%
Jobi McAnuff
29.1%
Chris Day
28.7%
Andy Linighan
28.7%
Andy Linighan
28.7%
Andy Linighan
28.7%
Andy Linighan
28.7%
Sun Jihai
27.6%
Leon Cort
27.3%
Carl Fletcher
27.1%
Carl Fletcher
27.1%
Mikael Forssell
26.7%
Nick Carle
26.6%
Craig Moore
24.8%
Fraser Digby
24.8%
Cedric Berthelin
24.7%
James Vaughan
24%
Kevin Muscat
23.4%
Herman Hreidarsson
23.2%
David Tuttle
22.9%
Dele Adebola
22.9%
Paul Warhurst
22.7%
Mark Kennedy
22.6%
Paul Ifill
21.5%
Chris Veart
21%
Craig Harrison
20.9%
Craig Foster
20.4%
Leon McKenzie
20.3%
Johannes Ertl
19.9%
Mathias Svensson
19.6%
Jamie Pollock
19.1%
Lee Bradbury
18.2%
Jovan Kirovski
18.1%
John Oster
18%
Wayne Carlisle
17.7%
Alex Marrow
14.9%

You're not logged in!

Compare scores with friends on all Sporcle quizzes.
Join for Free
OR
Log In

You Might Also Like...

Show Comments

Extras

Top Quizzes Today


Score Distribution

Your Account Isn't Verified!

In order to create a playlist on Sporcle, you need to verify the email address you used during registration. Go to your Sporcle Settings to finish the process.

Report this User

Report this user for behavior that violates our Community Guidelines.

Details: